000 00680nam a22001937a 4500
005 20251108175125.0
008 250721s2011 xx 000 0 ara d
082 1 4 _a330.1/فور
100 1 _aفورستي، فيفيان
245 1 0 _aالرعب الاقتصادي : ديكتاتورية الريعية /
264 1 _aدمشق :
_bدار كنعان للدراسات و النشر و الخدمات الإعلامية،
_c2011.
300 _a207 ص.
650 1 7 _aالليبرالية
650 1 7 _aالمذاهب الإقتصادية
650 1 7 _aالفكر الإقتصادي
700 1 _aحرفوش، سلمان
_eمترجم
942 _2ddc
_cBK
999 _c126739
_d126739